Normal view
MARC view
- Mariñez Navarro, Freddy
Entry Nombre Personal
001 - NUMERO DE CONTROL
- campo de control: 34346
003 - IDENTIFICADOR DE NUMERO DE CONTROL
- campo de control: UPN
005 - FECHA Y HORA DE LA ÜLTIMA TRANSACCIÓN
- campo de control: 20210219194452.0
008 - DATOS DE LONGITUD FIJA
- campo de control de longitud fija: nabaccnnaabn|||||||||| b |nc|||||d
035 ## - NUMERO DE CONTROL
- Número de control: UPN11000006453
040 ## - FUENTE DE CATALOGACIÓN
- Lenguaje de catalogación: SPA
- Agencia de transcripción: UPN
100 1# - ENCABEZAMIENTO - NOMBRE PERSONAL
- Nombre personal: Mariñez Navarro, Freddy
670 ## - FUENTE EN LA QUE SE LOCALIZARON DATOS
- Cita de la fuente: T
- Información localizada: http://freddymarinez.com/
680 ## - NOTA PUBLICA DE ACCESO PÚBLICO
- Frase explicativa de la referencia: Profesor-Investigador Titular de la EGAP Gobierno y Política Pública, Tecnológico de Monterrey, Campus Monterrey. Actualmente es Director de la Maestría en Administración Pública y Política Pública (MAP)
902 ## - CATALOGADOR
- Catalogador: MCM/071113
